Postharvest mangement and value addition/ (Record no. 9553)

MARC details
000 -LEADER
fixed length control field 00803 a2200217 4500
010 ## - LIBRARY OF CONGRESS CONTROL NUMBER
LC control number ENG-88964
020 ## - INTERNATIONAL STANDARD BOOK NUMBER
International Standard Book Number 8170354544
Terms of availability 800.00
035 ## - SYSTEM CONTROL NUMBER
System control number EN-72497
037 ## - SOURCE OF ACQUISITION
Source of stock number/acquisition D.B.Act / Pub
082 14 - DEWEY DECIMAL CLASSIFICATION NUMBER
Classification number 634.0468
090 ## - LOCALLY ASSIGNED LC-TYPE CALL NUMBER (OCLC); LOCAL CALL NUMBER (OCLC)
-- 9731
-- 9731
245 10 - TITLE STATEMENT
Title Postharvest mangement and value addition/
Statement of responsibility, etc edited by Ashwani K Goel, Rajinder Kumar [and] Satwinder S. Mann
260 ## - PUBLICATION, DISTRIBUTION, ETC. (IMPRINT)
Place of publication, distribution, etc New Delhi
Name of publisher, distributor, etc Daya Publishing House
Date of publication, distribution, etc 2007
270 ## - ADDRESS
Address 1123/74, Deva Ram Park, Tri Nagar
City Delhi
Postal code 110 035
Telephone number 011-27383999
Fax number 011-23244987
Electronic mail address dayabooks@vsnl.com
300 ## - PHYSICAL DESCRIPTION
Extent xi, 317 p.
Dimensions 23 cm (Hb)
500 ## - GENERAL NOTE
General note Includes index.
700 1# - ADDED ENTRY--PERSONAL NAME
Personal name Rajinder Kumar
700 1# - ADDED ENTRY--PERSONAL NAME
Personal name Mann, Satwinder S.
942 ## - ADDED ENTRY ELEMENTS (KOHA)
Institution code [OBSOLETE] dpl
Koha item type English Books
Call number prefix 634.0468 / GOE
Holdings
Withdrawn status Lost status Source of classification or shelving scheme Damaged status Not for loan Collection code Home library Current library Source of acquisition Cost, normal purchase price Total Checkouts Full call number Barcode Date last seen Copy number Uniform Resource Identifier Cost, replacement price Price effective from Koha item type
    Dewey Decimal Classification   Not For Loan Non-fiction D.B.Act.Division D.B.Act.Division DBAD/PUB 800.00   634.0468 EN-72497 15/09/2008 1 10539 800.00 15/09/2008 English Books

© Delhi Public Library
Hit Counter
free hit counter